[Event "Detroit (Class B/5/7)"]
[Site "?"]
[Date "1996.??.??"]
[Round "?"]
[White "Turner, P."]
[Black "Hartwig, Thomas"]
[Result "0-1"]
[WhiteElo "1715"]
[BlackElo "1670"]
[PlyCount "150"]
[EventDate "1996.??.??"]

{5/(7)} 1. d4 d5 2. c4 c6 3. Nc3 Nf6 4. cxd5 cxd5 5. Nf3 Nc6 6. e3 Bf5 7. a3
Rc8 8. Bd3 Bxd3 9. Qxd3 e6 10. Bd2 Bd6 11. O-O O-O 12. Rac1 Na5 13. Nb5 Nc4 14.
Nxd6 Qxd6 15. Bb4 Qb6 16. Bxf8 Rxf8 17. b4 Qa6 18. Rc3 Ne4 19. Rb3 b5 20. Ne5
Qd6 21. Rd1 Rb8 22. f4 f6 23. Nf3 Qd7 24. Qe2 Rc8 25. Ne1 a5 26. bxa5 Ra8 27.
Nd3 Rxa5 28. Nc5 Nxc5 29. dxc5 Qc6 30. Qg4 Kf7 31. Qh5+ Kg8 32. Kh1 g6 33. Qh4
Kg7 34. Qg4 f5 35. Qh4 Qxc5 36. Qd8 Rxa3 37. Qd7+ Kh6 38. Rxa3 Qxa3 39. Qxe6
Qxe3 40. Qxe3 Nxe3 41. Rd4 Kg7 42. Kg1 Kf6 43. Rb4 Ke6 44. Rxb5 d4 45. h3 g5
46. fxg5 d3 47. Kf2 d2 48. Rb1 d1=Q 49. Rxd1 Nxd1+ 50. Kf3 Kf7 51. g4 fxg4+ 52.
Kxg4 Kg6 53. h4 Ne3+ 54. Kf4 Nd5+ 55. Kg4 Ne3+ 56. Kf4 Nc4 57. Kg4 Ne5+ 58. Kf4
Nd3+ 59. Kg4 Nf2+ 60. Kf4 Kh5 61. Kf5 Ng4 62. Kf4 Kxh4 63. Kf5 Kh5 64. Kf4 Nh2
65. Kf5 Nf3 66. Kf4 Nxg5 67. Kg3 Ne6 68. Kh3 Kg5 69. Kg3 h5 70. Kh3 h4 71. Kh2
Kg4 72. Kg2 h3+ 73. Kh2 Ng5 74. Kh1 Kg3 75. Kg1 Ne4 0-1

[Event "Detroit (Class A/4/11)"]
[Site "?"]
[Date "1996.??.??"]
[Round "?"]
[White "Turner, Keita"]
[Black "Aldrich, Jeff"]
[Result "1/2-1/2"]
[WhiteElo "1900"]
[BlackElo "1915"]
[PlyCount "117"]
[EventDate "1996.??.??"]

{4/(11)} 1. d4 d5 2. e3 Nf6 3. Bd3 Bg4 4. Nf3 e6 5. Nbd2 c5 6. c3 Nc6 7. O-O
Qc7 8. Qa4 Bd6 9. Re1 Bxf3 10. Nxf3 O-O 11. h3 a6 12. dxc5 Bxc5 13. Qh4 Be7 14.
Qa4 Rfc8 15. e4 b5 16. Qd1 dxe4 17. Bxe4 Nxe4 18. Rxe4 Rd8 19. Qe2 Bf6 20. Bf4
Qe7 21. Re1 Rd5 22. c4 bxc4 23. Qxc4 Rc5 24. Qe2 Rb5 25. Ne5 Nxe5 26. Bxe5 Bxe5
27. Rxe5 Rxe5 28. Qxe5 Qb7 29. Re3 h6 30. Rb3 Qd7 31. Qe4 Rd8 32. Rb7 Qd5 33.
Qxd5 Rxd5 34. a3 a5 35. Kf1 Rd2 36. b4 axb4 37. axb4 Rb2 38. g4 e5 39. Kg2 f6
40. h4 e4 41. h5 e3 42. Kf3 exf2 43. Kg2 Rd2 44. Rb8+ Kh7 45. b5 Rd4 46. b6
Rxg4+ 47. Kxf2 Rb4 48. Kf3 Rb3+ 49. Kf4 Rb5 50. b7 g5+ 51. hxg6+ Kg7 52. Kg4
Rb4+ 53. Kg3 h5 54. Kh3 f5 55. Kg3 Rb3+ 56. Kf4 h4 57. Kxf5 h3 58. Rc8 Rxb7 59.
Rc2 1/2-1/2

[Event "Kalamazoo (Mini-Swiss.2/3)"]
[Site "?"]
[Date "1996.??.??"]
[Round "?"]
[White "Turkalo, A."]
[Black "Thornton, Rome"]
[Result "0-1"]
[WhiteElo "1775"]
[BlackElo "1630"]
[PlyCount "96"]
[EventDate "1996.??.??"]

{2/(3)} 1. e4 c6 2. d4 d5 3. exd5 cxd5 4. Bd3 Nf6 5. c3 Bg4 6. Qb3 Qc7 7. Nd2
Nc6 8. Ngf3 e6 9. O-O Bd6 10. Re1 O-O 11. Qc2 Rac8 12. Qb1 Rfe8 13. Kh1 e5 14.
dxe5 Nxe5 15. Nxe5 Rxe5 16. Rxe5 Bxe5 17. Nf1 Rd8 18. f3 Bh5 19. Bg5 Bg6 20.
Bxg6 fxg6 21. Qe1 Kf7 22. Rc1 Re8 23. Qf2 Bf4 24. Bxf4 Qxf4 25. Rd1 b6 26. Kg1
Qc4 27. Ne3 Qxa2 28. Rd2 Nh5 29. Nxd5 Qb1+ 30. Qf1 Re1 31. Ne3 Rxf1+ 32. Nxf1
Nf4 33. Kf2 Nd3+ 34. Ke2 Qe1+ 35. Kxd3 Qxf1+ 36. Kc2 Ke6 37. Kb3 b5 38. Kc2 a5
39. b3 Qa1 40. Kd3 Qb1+ 41. Rc2 Qxb3 42. Re2+ Kd5 43. Rd2 a4 44. Ke2+ Kc4 45.
Rd4+ Kc5 46. Kd3 a3 47. Rb4 Qd1+ 48. Ke3 a2 0-1

[Event "Lansing (MOR/3/15)"]
[Site "?"]
[Date "1996.??.??"]
[Round "?"]
[White "Turkalo, A."]
[Black "Sawmiller, Tim"]
[Result "1-0"]
[WhiteElo "1645"]
[BlackElo "1605"]
[PlyCount "43"]
[EventDate "1996.??.??"]

{3/(15)} 1. e4 e5 2. Nf3 Nc6 3. Bb5 a6 4. Ba4 Nf6 5. O-O b5 6. Bb3 Nxe4 7. d4
d5 8. dxe5 Be6 9. Qe2 Nc5 10. Nc3 Be7 11. Rd1 Nxb3 12. axb3 d4 13. Qe4 O-O 14.
Qxc6 Bd7 15. Qd5 dxc3 16. Qxd7 cxb2 17. Bxb2 Bc5 18. Qf5 Qb8 19. Ng5 g6 20. Qf6
Qb6 21. e6 Bxf2+ 22. Kh1 1-0

[Event "Lansing (MOR/6/10)"]
[Site "?"]
[Date "1996.??.??"]
[Round "?"]
[White "Turkalo, A."]
[Black "Khraizat, Ali"]
[Result "0-1"]
[WhiteElo "1645"]
[BlackElo "1605"]
[PlyCount "108"]
[EventDate "1996.??.??"]

{6/(10)} 1. e4 c5 2. Nf3 e6 3. d4 cxd4 4. Nxd4 Nc6 5. Nb5 d6 6. c4 a6 7. N5c3
Nf6 8. g3 Be7 9. Bg2 O-O 10. O-O Qc7 11. b3 Bd7 12. Be3 Rab8 13. a4 b6 14. f4
Nd8 15. Ra2 Nb7 16. Nd2 Nc5 17. Rc2 Bc6 18. g4 Qb7 19. Qf3 Nfxe4 20. Ncxe4 Nxe4
21. Nxe4 f5 22. gxf5 exf5 23. Nf6+ Bxf6 24. Qxc6 Qe7 25. Bxb6 g6 26. Qd5+ Kh8
27. a5 Rfe8 28. Qd3 Bg7 29. c5 dxc5 30. Rxc5 Rxb6 31. Rd5 Re6 32. Qd2 Re2 33.
Qd1 Qh4 34. Rd6 Qg4 35. Qd5 h5 36. Qf3 Rb2 37. Qxg4 hxg4 38. Rfd1 Bh6 39. Rxa6
Bxf4 40. Ra8 Rxg2+ 41. Kxg2 Rxa8 42. Ra1 Bd2 43. a6 f4 44. Ra2 f3+ 45. Kf2 Bb4
46. Ra4 Bc5+ 47. Kf1 Rd8 48. Ra1 Ba7 49. b4 Rd2 50. Rc1 Rd8 51. Rb1 Kh7 52. Re1
Kh6 53. Rb1 Kh5 54. b5 Bb6 0-1

[Event "Kalamazoo (Mini-Swiss.2/1)"]
[Site "?"]
[Date "1996.??.??"]
[Round "?"]
[White "Turkalo, A."]
[Black "Cunningham, Cole"]
[Result "1-0"]
[WhiteElo "1775"]
[BlackElo "1605"]
[PlyCount "135"]
[EventDate "1996.??.??"]

{2/(1)} 1. e4 c5 2. Nf3 d6 3. d4 cxd4 4. Nxd4 a6 5. Nc3 g6 6. Be3 Bg7 7. Qd2
Nf6 8. f3 O-O 9. Bc4 b5 10. Bb3 Bb7 11. O-O-O Nc6 12. h4 Na5 13. h5 Nxb3+ 14.
axb3 Rc8 15. hxg6 fxg6 16. Ne6 Qa5 17. Kb1 Rf7 18. Nxg7 Rxg7 19. Bd4 e5 20. Be3
Rd7 21. g4 b4 22. Nd5 Bxd5 23. exd5 Rdc7 24. Rc1 Nxd5 25. Bg5 Nc3+ 26. bxc3
bxc3 27. Qxd6 Rc6 28. Qe7 Qc7 29. Qxc7 R6xc7 30. Rce1 Re8 31. Re4 Rf7 32. Rf1
Kg7 33. Be3 h6 34. Bd4 Rfe7 35. Bxc3 g5 36. Rd1 Re6 37. Rd5 Kf6 38. Kc1 R8e7
39. Kd2 Re8 40. Ke3 R8e7 41. Rdxe5 Rxe5 42. Rxe5 Rxe5+ 43. Bxe5+ Kxe5 44. c4 a5
45. Kd3 Kd6 46. Kd4 Kd7 47. Kd5 Kc7 48. Kc5 Kb7 49. Kd6 Kc8 50. Kc6 Kb8 51. Kb6
Kc8 52. Kxa5 Kc7 53. Kb5 Kb7 54. b4 Kc7 55. Ka6 Kd6 56. c5+ Kc6 57. b5+ Kxc5
58. b6 Kd4 59. b7 Ke3 60. b8=Q Kxf3 61. Qb4 Kg3 62. Qe4 Kh4 63. Qf3 h5 64. gxh5
g4 65. Qxg4+ Kxg4 66. h6 Kg5 67. h7 Kg6 68. h8=Q 1-0

[Event "Lansing (MOR/1a/11)"]
[Site "?"]
[Date "1996.??.??"]
[Round "?"]
[White "Turkalo, A."]
[Black "Carpenter, O."]
[Result "1-0"]
[WhiteElo "1645"]
[BlackElo "1605"]
[PlyCount "115"]
[EventDate "1996.??.??"]

1. e4 e5 2. Nf3 Nc6 3. Bb5 f5 4. Nc3 Nf6 5. exf5 d6 6. O-O Bxf5 7. Re1 Bd7 8.
d4 Be7 9. dxe5 dxe5 10. Bxc6 Bxc6 11. Qxd8+ Rxd8 12. Nxe5 Rd6 13. h3 Nd5 14.
Nxc6 bxc6 15. Bg5 Nf6 16. Re5 h6 17. Bh4 g5 18. Bg3 Kd7 19. Re2 Re6 20. Rxe6
Kxe6 21. Bxc7 Bd8 22. Re1+ Kf7 23. Bd6 Re8 24. Rxe8 Nxe8 25. Bc5 a6 26. Na4 Ke6
27. c4 Nf6 28. f3 Bc7 29. Kf2 Nd7 30. Be3 Ne5 31. b3 Nd3+ 32. Ke2 Nf4+ 33. Bxf4
gxf4 34. Nc5+ Ke5 35. Nxa6 Bd6 36. Kd3 c5 37. a3 Kf5 38. b4 cxb4 39. axb4 Ke6
40. c5 Be5 41. c6 Kd6 42. c7 Kd7 43. Ke4 Bd6 44. b5 Kc8 45. Kd5 Bxc7 46. Nxc7
Kxc7 47. Ke5 Kb6 48. Kxf4 Kxb5 49. Ke5 Kc6 50. Ke6 Kc7 51. Ke7 Kc6 52. f4 Kd5
53. f5 Ke5 54. f6 Kf5 55. f7 Kg6 56. f8=Q Kh5 57. Qg7 Kh4 58. Qg4# 1-0

[Event "Jackson (Prison m)"]
[Site "?"]
[Date "1996.??.??"]
[Round "?"]
[White "Tucker"]
[Black "Solski, Jeff"]
[Result "0-1"]
[WhiteElo "1605"]
[BlackElo "1605"]
[PlyCount "62"]
[EventDate "1996.??.??"]

{10/5} 1. e4 c5 2. Bc4 Nc6 3. Ne2 e6 4. d4 cxd4 5. Nxd4 Nf6 6. f3 Bc5 7. Nxc6
bxc6 8. Qe2 d6 9. Be3 Qb6 10. Bxc5 Qxc5 11. Nc3 O-O 12. Na4 Qa5+ 13. Nc3 d5 14.
e5 Nh5 15. O-O Qc5+ 16. Rf2 Nf4 17. Qf1 dxc4 18. Ne4 Qxe5 19. Qxc4 Qxb2 20. Rd1
Nd5 21. c3 Qb6 22. Qd3 Nf4 23. Qc2 Ba6 24. c4 Rad8 25. Nd6 Qc5 26. Qe4 Rxd6 27.
Rxd6 Qxd6 28. Qe3 Rd8 29. g3 Nh3+ 30. Kg2 Nxf2 31. Qxf2 Qd2 0-1

[Event "Detroit (Class C/3/13)"]
[Site "?"]
[Date "1996.??.??"]
[Round "?"]
[White "Tsuji, J."]
[Black "Vaughn, Gerald"]
[Result "0-1"]
[WhiteElo "1605"]
[BlackElo "1605"]
[PlyCount "44"]
[EventDate "1996.??.??"]

{3/(13)} 1. d4 Nf6 2. Nf3 c5 3. e3 cxd4 4. exd4 d5 5. Bd3 Nc6 6. c3 e6 7. O-O
Bd6 8. Bg5 h6 9. Bh4 Bd7 10. Re1 Qe7 11. Nbd2 O-O-O 12. a3 g5 13. Bg3 Bxg3 14.
hxg3 g4 15. Ne5 Nxe5 16. dxe5 Nh5 17. c4 Rhg8 18. cxd5 exd5 19. Rc1+ Kb8 20.
Qb3 Qe6 21. Ba6 Qxa6 22. Rc2 Ba4 0-1

[Event "Detroit (Class C/1/1)"]
[Site "?"]
[Date "1996.??.??"]
[Round "?"]
[White "Tsuji, J."]
[Black "Raupp, Helene"]
[Result "0-1"]
[WhiteElo "1605"]
[BlackElo "1605"]
[PlyCount "100"]
[EventDate "1996.??.??"]

{1/(1)} 1. d4 e6 2. e3 f5 3. Bd3 Nf6 4. Nd2 Be7 5. f4 d6 6. Ngf3 b6 7. c3 Nd5
8. Qe2 Nd7 9. a3 c5 10. c4 Nc7 11. O-O d5 12. b3 Nf6 13. dxc5 Bxc5 14. b4 Be7
15. Bb2 O-O 16. Ne5 Qe8 17. Rac1 Bd6 18. Ndf3 Bb7 19. Rc2 Nd7 20. Nxd7 Qxd7 21.
Ne5 Qe7 22. g4 dxc4 23. Bxc4 Be4 24. Rd2 Rac8 25. Bd3 Bxd3 26. Rxd3 Bxe5 27.
Bxe5 Qh4 28. gxf5 exf5 29. Rd7 Ne6 30. Qg2 g6 31. Qd5 Rfe8 32. Rg7+ Kf8 33.
Qd6+ Re7 34. Rxe7 Qxe7 35. Rd1 Qxd6 36. Rxd6 Ke7 37. Rd3 Nc7 38. Bd6+ Ke6 39.
Bxc7 Rxc7 40. Kf2 h6 41. Ke2 Rc2+ 42. Rd2 Rc3 43. Rd3 Rxd3 44. Kxd3 Kd5 45. a4
a5 46. bxa5 bxa5 47. h3 g5 48. fxg5 hxg5 49. Kd2 Kc4 50. Kc2 Kb4 0-1

[Event "Lansing (MI Op/1a/1)"]
[Site "?"]
[Date "1996.??.??"]
[Round "?"]
[White "Tsemekhman, Vadim"]
[Black "Triplett, Thomas"]
[Result "1-0"]
[WhiteElo "2510"]
[BlackElo "1990"]
[PlyCount "63"]
[EventDate "1996.??.??"]

1. d4 Nf6 2. c4 g6 3. Nc3 Bg7 4. e4 d6 5. Be2 O-O 6. Bg5 Nbd7 7. Qd2 e5 8. d5
a5 9. f3 Nc5 10. g4 h6 11. Be3 Kh7 12. h4 Rh8 13. O-O-O Kg8 14. Kb1 a4 15. Nh3
Bd7 16. Nf2 Qb8 17. g5 hxg5 18. hxg5 Nh5 19. Ng4 Qa7 20. Nh6+ Kf8 21. Rxh5 gxh5
22. f4 exf4 23. Bd4 Rh7 24. Bxg7+ Rxg7 25. Qxf4 Re8 26. Bxh5 Re7 27. g6 b6 28.
Nxf7 Ke8 29. Qh6 Rg8 30. Qh7 Rf8 31. g7 Rexf7 32. gxf8=Q+ 1-0

[Event "Lansing (MI Op/3/1)"]
[Site "?"]
[Date "1996.??.??"]
[Round "?"]
[White "Tsemekhman, Vadim"]
[Black "Hahn, David"]
[Result "1/2-1/2"]
[WhiteElo "2510"]
[BlackElo "2200"]
[PlyCount "81"]
[EventDate "1996.??.??"]

{3/(1)} 1. d4 d6 2. Nf3 g6 3. c4 f5 4. g3 Bg7 5. Bg2 Nf6 6. O-O O-O 7. Nc3 Nc6
8. d5 Ne5 9. Nxe5 dxe5 10. Qb3 Kh8 11. c5 a6 12. a4 h6 13. a5 g5 14. Ra4 Qe8
15. Rb4 Qh5 16. Rxb7 Bxb7 17. Qxb7 f4 18. Qb4 fxg3 19. fxg3 e4 20. h3 g4 21.
Nxe4 gxh3 22. Bf3 Qg6 23. Nxf6 Rxf6 24. Kh2 Raf8 25. Kxh3 Rf5 26. Qh4 Rxd5 27.
Qxe7 Re5 28. Qxc7 Qe6+ 29. g4 Rh5+ 30. Kg2 Be5 31. Qb6 Rh2+ 32. Kg1 Qe7 33. g5
Rg8 34. Bg2 Rxg2+ 35. Kxg2 Rxg5+ 36. Kf3 Rf5+ 37. Ke4 Rxf1 38. Qxh6+ Qh7+ 39.
Qxh7+ Kxh7 40. Kxe5 Rxc1 41. Kd6 1/2-1/2

[Event "Lansing (MI Op/7/2)"]
[Site "?"]
[Date "1996.??.??"]
[Round "?"]
[White "Tsemekhman, Vadim"]
[Black "Fischvogt, Eric"]
[Result "1-0"]
[WhiteElo "2510"]
[BlackElo "2215"]
[PlyCount "69"]
[EventDate "1996.??.??"]

{7/(2)} 1. d4 Nf6 2. c4 c5 3. d5 b5 4. cxb5 a6 5. bxa6 Bxa6 6. Nc3 d6 7. g3 g6
8. Bg2 Bg7 9. Nf3 O-O 10. O-O Nbd7 11. Qc2 Qb6 12. h3 Rfb8 13. Rd1 Ne8 14. Nd2
Nc7 15. Rb1 Qa5 16. Nb3 Qb6 17. Bg5 Nf6 18. Nd2 Nb5 19. Nc4 Qc7 20. Nxb5 Bxb5
21. b3 h6 22. Bd2 Qa7 23. a4 Ba6 24. Rdc1 Nd7 25. Na5 Ne5 26. Nc6 Nxc6 27. dxc6
Qc7 28. b4 cxb4 29. Bxb4 Bc8 30. Bd2 Bf5 31. Rb7 Bxc2 32. Rxc7 Bxa4 33. Rxe7
Rc8 34. Bd5 Rf8 35. c7 1-0

[Event "Lansing (MI Op/4/2)"]
[Site "?"]
[Date "1996.??.??"]
[Round "?"]
[White "Tsemekhman, Vadim"]
[Black "Eagle, Chris"]
[Result "1-0"]
[WhiteElo "2510"]
[BlackElo "2115"]
[PlyCount "83"]
[EventDate "1996.??.??"]

{4/(2)} 1. d4 d5 2. c4 dxc4 3. Nf3 Nf6 4. e3 e6 5. Bxc4 c5 6. O-O Nc6 7. Qe2
cxd4 8. Rd1 Be7 9. Nxd4 Nxd4 10. Rxd4 Qc7 11. Na3 O-O 12. Bb3 e5 13. Rc4 Qb6
14. Rh4 Be6 15. Bxe6 Qxe6 16. b3 a6 17. Bb2 b5 18. Nc2 Rfd8 19. e4 Rd7 20. Rh3
Rad8 21. Bc3 Qc6 22. Ba5 Rc8 23. Rc3 Qb7 24. Rxc8+ Qxc8 25. Ne3 Qc6 26. f3 g6
27. Qc2 Bc5 28. Kf1 Qd6 29. Rd1 Bd4 30. Qc8+ Kg7 31. Nc2 Nxe4 32. Ke2 Nf6 33.
Bb4 Rd8 34. Bxd6 Rxc8 35. Nxd4 exd4 36. Be5 Rc2+ 37. Rd2 Rc6 38. Rxd4 Kf8 39.
Rd6 Rxd6 40. Bxd6+ Ke8 41. Kd3 Kd7 42. Be5 1-0

[Event "Lansing (MI Op/2/26)"]
[Site "?"]
[Date "1996.??.??"]
[Round "?"]
[White "Triplett, Thomas"]
[Black "Neshewat, Michael"]
[Result "1-0"]
[WhiteElo "1990"]
[BlackElo "1875"]
[PlyCount "67"]
[EventDate "1996.??.??"]

{2/(26)} 1. e4 e5 2. Nf3 Nc6 3. Bb5 a6 4. Ba4 Nf6 5. O-O b5 6. Bb3 Bc5 7. Nxe5
Nxe5 8. d4 Bxd4 9. Qxd4 Nc6 10. Qd1 O-O 11. Re1 Re8 12. f3 Bb7 13. Nc3 d6 14.
Nd5 Na5 15. Bg5 Nxb3 16. Bxf6 gxf6 17. axb3 c6 18. Ne3 Bc8 19. Qd2 f5 20. exf5
Qg5 21. Rad1 d5 22. Ng4 Rxe1+ 23. Qxe1 Bxf5 24. Qe5 Qg6 25. Qxf5 Qg7 26. Nf6+
Kh8 27. Rd4 Re8 28. Rh4 Re1+ 29. Kf2 Re2+ 30. Kxe2 Qxg2+ 31. Ke3 d4+ 32. Kf4
Qd2+ 33. Kg4 Qg2+ 34. Kh5 1-0

[Event "Detroit (Class A/2/12)"]
[Site "?"]
[Date "1996.??.??"]
[Round "?"]
[White "Triplett, Thomas"]
[Black "Levadi, David"]
[Result "1/2-1/2"]
[WhiteElo "1915"]
[BlackElo "1900"]
[PlyCount "69"]
[EventDate "1996.??.??"]

{2/(12)} 1. e4 Nc6 2. d4 e5 3. d5 Nce7 4. Bd3 Ng6 5. Nf3 Bb4+ 6. Nc3 c5 7. O-O
Bxc3 8. bxc3 Nf6 9. Ne1 O-O 10. f4 c4 11. f5 cxd3 12. fxg6 Qb6+ 13. Kh1 Nxe4
14. gxh7+ Kh8 15. Qf3 Qf6 16. Nxd3 Qxf3 17. gxf3 Nxc3 18. Bb2 Nxd5 19. Bxe5
Kxh7 20. Rg1 f6 21. Bd6 Re8 22. c4 Re6 23. Bf8 Re8 24. Bxg7 Rg8 25. cxd5 Rxg7
26. Rxg7+ Kxg7 27. d6 b6 28. Re1 Ba6 29. Nf4 Rf8 30. a3 Bc4 31. Kg2 f5 32. h4
Rf7 33. Re8 a5 34. Kf2 Kf6 35. Nh5+ 1/2-1/2

[Event "Lansing (MI Op/4/26)"]
[Site "?"]
[Date "1996.??.??"]
[Round "?"]
[White "Triplett, Thomas"]
[Black "June, Brian"]
[Result "0-1"]
[WhiteElo "1990"]
[BlackElo "1835"]
[PlyCount "56"]
[EventDate "1996.??.??"]

{4/(26)} 1. e4 c5 2. Nf3 d6 3. d4 cxd4 4. Nxd4 Nf6 5. Nc3 a6 6. Bg5 e6 7. f4
Be7 8. Qf3 Nbd7 9. O-O-O Qc7 10. Kb1 b5 11. Bxf6 Nxf6 12. e5 Bb7 13. Qe2 Nd5
14. Nxd5 Bxd5 15. exd6 Bxd6 16. Nf5 O-O 17. Nxd6 Qxd6 18. Qd2 Rfd8 19. Bd3 Qc6
20. Rhg1 a5 21. Qf2 Rac8 22. g4 a4 23. Rg3 b4 24. Rh3 Be4 25. Rd2 Bxd3 26. Kc1
Be4 27. Re2 Qd5 28. Rd2 Rxc2+ 0-1

[Event "Detroit (Class A/4/10)"]
[Site "?"]
[Date "1996.??.??"]
[Round "?"]
[White "Triplett, Thomas"]
[Black "Calton, David A"]
[Result "1-0"]
[WhiteElo "1915"]
[BlackElo "1900"]
[PlyCount "105"]
[EventDate "1996.??.??"]

{4/(10)} 1. e4 c6 2. d4 d5 3. e5 Bf5 4. Be2 e6 5. Nf3 Nd7 6. O-O c5 7. dxc5
Bxc5 8. c4 Nb6 9. cxd5 Qxd5 10. Bb5+ Kf8 11. Nc3 Qxd1 12. Rxd1 Ne7 13. a3 a6
14. Bf1 Ned5 15. Bd2 Be7 16. Rac1 g6 17. Bh6+ Ke8 18. h3 Nxc3 19. Rxc3 Nd5 20.
Rcc1 Be4 21. Be2 Rd8 22. Ng5 Nf4 23. Rxd8+ Bxd8 24. Bf1 Bxg2 25. Nxf7 Kxf7 26.
Bxf4 Bc6 27. Bxa6 Bb6 28. Be3 Bxe3 29. fxe3 Rd8 30. Bxb7 Bb5 31. Rc7+ Kf8 32.
Rc8 Rxc8 33. Bxc8 Ke7 34. h4 Bc4 35. Kf2 Kd8 36. Bb7 Kc7 37. Be4 Kb6 38. Ke1
Kc5 39. Kd2 Bb5 40. Kc3 Be8 41. b3 h6 42. a4 g5 43. hxg5 hxg5 44. b4+ Kb6 45.
a5+ Kc7 46. Bf3 Bg6 47. Be2 Kc6 48. Kd4 Bf5 49. b5+ Kc7 50. Bf3 Kb8 51. b6 g4
52. Bg2 g3 53. a6 1-0

[Event "Ann Arbor (Fall Open/2/15)"]
[Site "?"]
[Date "1996.??.??"]
[Round "?"]
[White "Tracy, B."]
[Black "Zydeck, B."]
[Result "1-0"]
[WhiteElo "1605"]
[BlackElo "1605"]
[PlyCount "73"]
[EventDate "1996.??.??"]

{2/(15)} 1. g3 c5 2. Bg2 Nc6 3. Nf3 d5 4. O-O Nf6 5. d3 e6 6. Nbd2 Be7 7. e3
O-O 8. Qe2 e5 9. c4 d4 10. Re1 Nb4 11. Qd1 Nxd3 12. Re2 Bg4 13. h3 Bh5 14. Qc2
e4 15. exd4 exf3 16. Bxf3 Bxf3 17. Nxf3 Nxc1 18. Rxc1 Qc7 19. Rce1 Bd6 20. Re5
Bxe5 21. dxe5 Nd7 22. Ng5 g6 23. Nf3 Rae8 24. Qc3 f6 25. e6 Nb6 26. Nd2 Qd6 27.
Qe3 Re7 28. Ne4 Qxe6 29. Nxc5 Qxh3 30. Qxe7 Nxc4 31. Ne6 Qxe6 32. Qxe6+ Kg7 33.
Qxc4 h5 34. Re7+ Kh6 35. Qf4+ g5 36. Qf5 h4 37. Rh7# 1-0

[Event "Ann Arbor (Fall Open/1/15)"]
[Site "?"]
[Date "1996.??.??"]
[Round "?"]
[White "Tracy, B."]
[Black "Renauer, D."]
[Result "0-1"]
[WhiteElo "1605"]
[BlackElo "1605"]
[PlyCount "42"]
[EventDate "1996.??.??"]

{1/(15)} 1. g3 e5 2. d3 d5 3. Bg2 Nf6 4. Nf3 Nc6 5. O-O Bg4 6. Nbd2 Qd7 7. Qe1
O-O-O 8. a3 h6 9. e4 dxe4 10. Nxe4 Qf5 11. Qe3 Bxf3 12. Bxf3 Nd4 13. Kg2 Nxc2
14. Qxa7 Rxd3 15. Nc5 Qxf3+ 16. Kg1 Bxc5 17. Qxc5 Nxa1 18. Re1 Ng4 19. h3 b6
20. Qe3 Nxe3 21. Rxe3 Rd1+ 0-1

[Event "Howell (US Am N/5/5)"]
[Site "?"]
[Date "1996.??.??"]
[Round "?"]
[White "Townsend, Paul"]
[Black "Moody, David"]
[Result "1-0"]
[WhiteElo "1870"]
[BlackElo "2000"]
[PlyCount "69"]
[EventDate "1996.??.??"]

{5/(5)} 1. e4 e5 2. Nf3 Nc6 3. Bc4 Nf6 4. Ng5 d5 5. exd5 Na5 6. Bb5+ c6 7. dxc6
bxc6 8. Qf3 Rb8 9. Bxc6+ Nxc6 10. Qxc6+ Nd7 11. d3 Be7 12. Ne4 Rb6 13. Qa4 O-O
14. Nbc3 f5 15. Nd5 fxe4 16. Nxb6 Qxb6 17. Qc4+ Kh8 18. O-O exd3 19. cxd3 Ba6
20. Qd5 Nf6 21. Qxe5 Bd6 22. Qe2 Qd4 23. Be3 Qh4 24. g3 Qh3 25. f3 Re8 26. Qf2
Bxg3 27. Qxg3 Qxg3+ 28. hxg3 Rxe3 29. Rae1 Rxe1 30. Rxe1 Bxd3 31. Rd1 Bb5 32.
Rd8+ Ne8 33. Ra8 Bc6 34. Rxa7 Bxf3 35. Rf7 1-0

[Event "Howell (US Am N/4/9)"]
[Site "?"]
[Date "1996.??.??"]
[Round "?"]
[White "Townsend, Paul"]
[Black "Garrison, Ray"]
[Result "1-0"]
[WhiteElo "1870"]
[BlackElo "2000"]
[PlyCount "95"]
[EventDate "1996.??.??"]

{4/(9)} 1. e4 e6 2. d4 d5 3. exd5 exd5 4. c4 Bb4+ 5. Nc3 Qe7+ 6. Be3 Nf6 7. Nf3
Ng4 8. Qd2 Nd7 9. a3 Nxe3 10. Qxe3 Bxc3+ 11. bxc3 Qxe3+ 12. fxe3 Nf6 13. cxd5
Nxd5 14. Kd2 Bf5 15. Bd3 Bxd3 16. Kxd3 b5 17. Rhe1 Nb6 18. Rab1 a6 19. e4 Ke7
20. Ne5 f6 21. Nc6+ Kd6 22. Na5 Rab8 23. c4 Nxc4 24. Nxc4+ bxc4+ 25. Kxc4 Rb6
26. Rxb6+ cxb6 27. a4 Rc8+ 28. Kd3 Re8 29. Rb1 Kc6 30. d5+ Kb7 31. Kd4 Rc8 32.
e5 fxe5+ 33. Kxe5 Rc2 34. Kd6 Rxg2 35. Re1 b5 36. a5 Rg6+ 37. Ke7 Rg2 38. d6
Rxh2 39. d7 Rd2 40. d8=Q Rxd8 41. Kxd8 h5 42. Re6 h4 43. Rb6+ Ka7 44. Kc7 h3
45. Rb7+ Ka8 46. Kb6 h2 47. Rxg7 h1=Q 48. Rg8# 1-0

[Event "Howell (US Am N/1/22)"]
[Site "?"]
[Date "1996.??.??"]
[Round "?"]
[White "Townsend, Paul"]
[Black "Crysler, Jerry"]
[Result "1-0"]
[WhiteElo "1870"]
[BlackElo "1605"]
[PlyCount "99"]
[EventDate "1996.??.??"]

{1/(22)} 1. e4 Nc6 2. d4 d6 3. Bb5 Bd7 4. Nc3 a6 5. Bc4 e5 6. Nf3 Bg4 7. dxe5
Bxf3 8. Qxf3 Nxe5 9. Qe2 Nf6 10. Bb3 c6 11. Bf4 Ng6 12. Bg3 Be7 13. Rd1 O-O 14.
e5 Ne8 15. exd6 Nxd6 16. Ne4 Qa5+ 17. Kf1 Nf5 18. Qc4 Qb5 19. Qxb5 Nxg3+ 20.
Nxg3 axb5 21. Nf5 Bf6 22. c3 Ne5 23. f4 Nc4 24. Bxc4 bxc4 25. a3 Rad8 26. Kf2
Rxd1 27. Rxd1 g6 28. Ne3 b5 29. Rd6 Be7 30. Rxc6 Rd8 31. Ke2 Bd6 32. g3 Bb8 33.
Rb6 Re8 34. Rxb5 f6 35. Kd2 Rd8+ 36. Rd5 Bd6 37. Kc2 Re8 38. Nxc4 Bf8 39. a4
Re2+ 40. Rd2 Re4 41. Kd3 f5 42. Re2 Rxe2 43. Kxe2 Bc5 44. b4 Be7 45. a5 Bf6 46.
a6 Bxc3 47. a7 Bxb4 48. a8=Q+ Bf8 49. Qe8 Kg7 50. Ne5 1-0

[Event "Howell (MI Inv/1)"]
[Site "?"]
[Date "1996.??.??"]
[Round "?"]
[White "Toma, A."]
[Black "Thompson, Dexter"]
[Result "1-0"]
[WhiteElo "2270"]
[BlackElo "2320"]
[PlyCount "93"]
[EventDate "1996.??.??"]

1. e4 e5 2. Nf3 Nc6 3. Bb5 a6 4. Bxc6 dxc6 5. O-O Bg4 6. h3 h5 7. d3 Qf6 8.
Nbd2 b5 9. Nb3 Ne7 10. Re1 Bxf3 11. Qxf3 Qxf3 12. gxf3 Ng6 13. Be3 Nh4 14. Nd2
Bb4 15. c3 Be7 16. Kf1 O-O-O 17. Ke2 Rd7 18. d4 exd4 19. cxd4 f5 20. a4 f4 21.
Bxf4 Ng2 22. Be3 Nxe1 23. Kxe1 Bb4 24. axb5 cxb5 25. Rxa6 Kb7 26. Ra1 Rf8 27.
f4 Re8 28. f3 Rd6 29. Ke2 Rg6 30. f5 Rg2+ 31. Kd3 c5 32. d5 Rg3 33. Rg1 c4+ 34.
Kc2 Bxd2 35. Kxd2 Rxg1 36. Bxg1 g6 37. f6 Rf8 38. e5 Kc7 39. Bc5 Rf7 40. Be7
Rxe7 41. fxe7 Kd7 42. d6 b4 43. e6+ Ke8 44. Ke3 g5 45. Kd4 c3 46. Ke5 cxb2 47.
Kf6 1-0

[Event "Howell (MI Inv/2)"]
[Site "?"]
[Date "1996.??.??"]
[Round "?"]
[White "Toma, A."]
[Black "Strugach, L."]
[Result "0-1"]
[WhiteElo "2270"]
[BlackElo "2345"]
[PlyCount "88"]
[EventDate "1996.??.??"]

1. d4 Nf6 2. Nf3 e6 3. Bg5 c5 4. e3 Qb6 5. Qc1 Nc6 6. c3 d5 7. Nbd2 Bd7 8. Bd3
Rc8 9. O-O cxd4 10. exd4 Nb4 11. Be2 Bb5 12. Bxb5+ Qxb5 13. a4 Qa6 14. Qb1 Nc6
15. Re1 b6 16. Ne5 Nxe5 17. Rxe5 Nd7 18. Re3 Bd6 19. Qe1 O-O 20. Rh3 Rfe8 21.
Qd1 Nf8 22. Nf3 Qb7 23. Qd2 Qc7 24. Re1 a6 25. Bh4 Bf4 26. Qc2 b5 27. Bg3 Bxg3
28. Rxg3 f6 29. h4 b4 30. Nh2 bxc3 31. Rxc3 Qd7 32. Rc5 Rxc5 33. dxc5 Rc8 34.
b4 Qc6 35. Rc1 Nd7 36. Qe2 Rb8 37. Qg4 Ne5 38. Qd4 Nc4 39. Rxc4 dxc4 40. Qxc4
Qd5 41. Qxa6 Rxb4 42. Qc8+ Kf7 43. Qc7+ Ke8 44. c6 Rb1+ 0-1

[Event "Howell (MI Inv/5)"]
[Site "?"]
[Date "1996.??.??"]
[Round "?"]
[White "Toma, A."]
[Black "Brooks, John"]
[Result "0-1"]
[WhiteElo "2270"]
[BlackElo "2220"]
[PlyCount "112"]
[EventDate "1996.??.??"]

1. d4 Nf6 2. Nf3 e6 3. Bg5 d5 4. e3 c5 5. c3 Qb6 6. Qb3 c4 7. Qc2 Ne4 8. Bf4
Nc6 9. Nbd2 f5 10. Nxe4 fxe4 11. Ne5 Be7 12. h4 O-O 13. Be2 Nxe5 14. Bxe5 Bd6
15. Bxd6 Qxd6 16. Rf1 Qh2 17. Bg4 Qxh4 18. Qe2 b5 19. Kd2 Qg5 20. f4 Qe7 21. a3
a5 22. Rh1 Bd7 23. Ra2 b4 24. axb4 axb4 25. Rha1 bxc3+ 26. bxc3 Rab8 27. Qf2
Rb7 28. Bd1 g5 29. Qg3 h6 30. Bc2 Kh7 31. Rh1 gxf4 32. exf4 Qf6 33. Rh4 Rg8 34.
Rg4 Rxg4 35. Qxg4 Be8 36. Ke3 Rg7 37. Qh3 Qg6 38. Kf2 Bd7 39. Qh2 Qf5 40. Qh4
Be8 41. g3 Bh5 42. Ke3 Qg4 43. Qxg4 Bxg4 44. Ra4 Bf5 45. g4 Rxg4 46. Ra7+ Kg6
47. Ba4 Rg3+ 48. Kf2 Rf3+ 49. Kg2 Kf6 50. Be8 Bg6 51. Bxg6 Kxg6 52. Re7 Kf6 53.
Rh7 Rxc3 54. Rxh6+ Ke7 55. Rh7+ Kd6 56. Ra7 Rf3 0-1